沖縄県の市町村 (2000年) - Statistics

General Stats
  • This quiz has been taken 46 times
    33 since last reset
  • The average score is 43 of 53
Answers on the Map
Answers color-coded by a green-red scale on the quiz's map according to % correct below.
 
Answer Stats
ヒント 市町村名 % Correct
島尻郡 南風原町はえばるちょう
100%
那覇市なはし
95%
宜野湾市ぎのわんし
95%
浦添市うらそえし
95%
名護市なごし
95%
国頭郡 東村ひがしそん
95%
国頭郡 今帰仁村なきじんそん
95%
国頭郡 金武町きんちょう
95%
中頭郡 読谷村よみたんそん
95%
石川市いしかわし
89%
石垣市いしがきし
89%
国頭郡 国頭村くにがみそん
89%
国頭郡 大宜味村おおぎみそん
89%
国頭郡 本部町もとぶちょう
89%
国頭郡 恩納村おんなそん
89%
中頭郡 北中城村きたなかぐすくそん
89%
中頭郡 中城村なかぐすくそん
89%
島尻郡 渡嘉敷村とかしきそん
89%
島尻郡 粟国村あぐにそん
89%
島尻郡 渡名喜村となきそん
89%
宮古郡 多良間村たらまそん
89%
八重山郡 竹富町たけとみちょう
89%
八重山郡 与那国町よなぐにちょう
89%
具志川市ぐしかわし
84%
糸満市いとまんし
84%
沖縄市おきなわし
84%
国頭郡 宜野座村ぎのざそん
84%
国頭郡 伊江村いえそん
84%
中頭郡 勝連町かつれんちょう
84%
中頭郡 北谷町ちゃたんちょう
84%
中頭郡 西原町にしはらちょう
84%
島尻郡 豊見城村とみぐすくそん
84%
島尻郡 与那原町よなばるちょう
84%
島尻郡 具志川村ぐしかわそん
84%
島尻郡 南大東村みなみだいとうそん
84%
島尻郡 北大東村きただいとうそん
84%
島尻郡 伊平屋村いへやそん
84%
平良市ひららし
79%
中頭郡 嘉手納町かでなちょう
79%
島尻郡 伊是名村いぜなそん
79%
島尻郡 知念村ちねんそん
74%
島尻郡 座間味村ざまみそん
74%
中頭郡 与那城町よなしろちょう
63%
島尻郡 東風平町こちんだちょう
63%
島尻郡 佐敷町さしきちょう
63%
宮古郡 城辺町ぐすくべちょう
58%
宮古郡 下地町しもじちょう
58%
宮古郡 伊良部町いらぶちょう
58%
島尻郡 玉城村たまぐすくそん
53%
島尻郡 仲里村なかざとそん
53%
島尻郡 大里村おおざとそん
47%
宮古郡 上野村うえのそん
47%
島尻郡 具志頭村ぐしかみそん
42%
No matching quizzes found
Score Distribution
Percent of People with Each Score
Percentile by Number Answered
Your Score History
You have not taken this quiz since the last reset